<?xml version="1.0" encoding="UTF-8"?><?xml-stylesheet type="text/xsl" href="static/style.xsl"?><OAI-PMH xmlns="http://www.openarchives.org/OAI/2.0/" xmlns:xsi="http://www.w3.org/2001/XMLSchema-instance" xsi:schemaLocation="http://www.openarchives.org/OAI/2.0/ http://www.openarchives.org/OAI/2.0/OAI-PMH.xsd"><responseDate>2026-04-13T04:04:25Z</responseDate><request verb="GetRecord" identifier="oai:www.recercat.cat:2445/49688" metadataPrefix="marc">https://recercat.cat/oai/request</request><GetRecord><record><header><identifier>oai:recercat.cat:2445/49688</identifier><datestamp>2025-12-05T09:42:41Z</datestamp><setSpec>com_2072_1057</setSpec><setSpec>col_2072_478778</setSpec><setSpec>col_2072_478917</setSpec></header><metadata><record xmlns="http://www.loc.gov/MARC21/slim" xmlns:dcterms="http://purl.org/dc/terms/" xmlns:xsi="http://www.w3.org/2001/XMLSchema-instance" xmlns:doc="http://www.lyncode.com/xoai" xsi:schemaLocation="http://www.loc.gov/MARC21/slim http://www.loc.gov/standards/marcxml/schema/MARC21slim.xsd">
   <leader>00925njm 22002777a 4500</leader>
   <datafield ind2=" " ind1=" " tag="042">
      <subfield code="a">dc</subfield>
   </datafield>
   <datafield ind2=" " ind1=" " tag="720">
      <subfield code="a">Bosch i Albert, Oriol</subfield>
      <subfield code="e">author</subfield>
   </datafield>
   <datafield ind2=" " ind1=" " tag="720">
      <subfield code="a">Gutiérrez Merino, Emilia</subfield>
      <subfield code="e">author</subfield>
   </datafield>
   <datafield ind2=" " ind1=" " tag="260">
      <subfield code="c">2014-02-10T17:47:08Z</subfield>
   </datafield>
   <datafield ind2=" " ind1=" " tag="260">
      <subfield code="c">2014-02-10T17:47:08Z</subfield>
   </datafield>
   <datafield ind2=" " ind1=" " tag="260">
      <subfield code="c">1999</subfield>
   </datafield>
   <datafield ind2=" " ind1=" " tag="260">
      <subfield code="c">2014-02-10T17:47:08Z</subfield>
   </datafield>
   <datafield ind2=" " ind1=" " tag="520">
      <subfield code="a">El patrón de sucesión a largo plazo en los bosques subalpinos de Pinus uncinata y su relación con el régimen de perturbaciones al que se ven sometidos se analizan aquí, tomando como referencia el modelo de sucesión de PEET &amp; CHRISTENSEN (1987). Por métodos dendrocronológicos, utilizando datos de árboles vivos y muertos, se han reconstruido los últimos 140-220 años de la historia de tres bosques suficientemente viejos y poco alterados, al menos recientemente, por el hombre. Los resultados ponen de manifiesto ciertas regularidades importantes en la secuencia y en la duración de las fases de la sucesión observadas en la escala espacial que nos permite el muestreo realizado (un transecto lineal de 280-350 metros. De una larga fase de iniciación (110140 años) se pasa casi directamente a una fase de transición, con escasa evidencia de una fase intermedia de exclusión. Este patrón de sucesión, causado por la lentitud y la heterogeneidad espacial de la fase de iniciación y por un régimen de pequeñas perturbaciones dispersas y frecuentes que aparecen muy pronto, es similar al observado en otros bosques subalpinos y ambientes extremos y representa una desviación respecto del modelo de referencia. La tasa media de mortalidad natural de los áboles adultos durante las últimas 4-6 décadas ha sido, respectivamente para los tres bosques, de 6,2, 1,4 y 5,7% por década. Estas tasas son lo sufientemente bajas como para permitir una larga persistencia en la fase de transición de la cohorte dominante - la instalada durante la fase de iniciación -, en declive pero al mismo tiempo inhibiendo la aparición masiva de regeneración. Ello hace previsible una dinámica de la estructura y la funcionalidad del bosque muy fluctuante a largo plazo en la escala espacial estudiada, aunque en su origen puede encontrarse la mano del hombre a través de una perturbación inicial homogeneizadora</subfield>
   </datafield>
   <datafield tag="653" ind2=" " ind1=" ">
      <subfield code="a">Pins</subfield>
   </datafield>
   <datafield tag="653" ind2=" " ind1=" ">
      <subfield code="a">Boscos</subfield>
   </datafield>
   <datafield tag="653" ind2=" " ind1=" ">
      <subfield code="a">Dendrocronologia</subfield>
   </datafield>
   <datafield tag="653" ind2=" " ind1=" ">
      <subfield code="a">Pirineus</subfield>
   </datafield>
   <datafield tag="653" ind2=" " ind1=" ">
      <subfield code="a">Ecologia forestal</subfield>
   </datafield>
   <datafield tag="653" ind2=" " ind1=" ">
      <subfield code="a">Pine</subfield>
   </datafield>
   <datafield tag="653" ind2=" " ind1=" ">
      <subfield code="a">Forests</subfield>
   </datafield>
   <datafield tag="653" ind2=" " ind1=" ">
      <subfield code="a">Dendrochronology</subfield>
   </datafield>
   <datafield tag="653" ind2=" " ind1=" ">
      <subfield code="a">Pyrenees</subfield>
   </datafield>
   <datafield tag="653" ind2=" " ind1=" ">
      <subfield code="a">Forest ecology</subfield>
   </datafield>
   <datafield ind2="0" ind1="0" tag="245">
      <subfield code="a">La sucesión en los bosques de Pinus uncinata del Pirineo. De los anillos de crecimiento a la historia del bosque</subfield>
   </datafield>
</record></metadata></record></GetRecord></OAI-PMH>